[Event "IND-chT 40th"]
[Site "Ahmedabad"]
[Date "2020.02.08"]
[Round "3.2"]
[White "Satyapragyan, Swayangsu"]
[Black "Ravi, Teja Sanka"]
[Result "1/2-1/2"]
[WhiteElo "2403"]
[BlackElo "2470"]
[PlyCount "38"]
[EventDate "2020.02.07"]
[EventType "team-swiss"]
[EventRounds "9"]
[EventCountry "IND"]
[SourceTitle "CBM 194 Extra"]
[Source "ChessBase"]
[SourceDate "2020.03.31"]
[SourceVersion "1"]
[SourceVersionDate "2020.03.31"]
[SourceQuality "1"]
[WhiteTeam "Air India"]
[BlackTeam "Railways SPB"]
[WhiteTeamCountry "IND"]
[BlackTeamCountry "IND"]

1. e4 c6 2. Nc3 d5 3. Nf3 dxe4 4. Nxe4 Nf6 5. Qe2 Nxe4 6. Qxe4 Be6 7. b3 Nd7 8. Bb2 Nf6 9. Qh4 Bf5 10. Ne5 e6 11. Bd3 Bxd3 12. Nxd3 Be7 13. Qg3 0-0 14. 0-0 Ne8 15. Rae1 Bf6 16. Ba3 Be7 17. Bb2 Bf6 18. Ba3 Be7 19. Bb2 Bf6 1/2-1/2

[Event "IND-chT 39th"]
[Site "Kolkata"]
[Date "2019.02.11"]
[Round "9.2"]
[White "Neelotpal, Das"]
[Black "Satyapragyan, Swayangsu"]
[Result "1/2-1/2"]
[WhiteElo "2409"]
[BlackElo "2381"]
[PlyCount "74"]
[EventDate "2019.02.07"]
[EventType "team-swiss"]
[EventRounds "9"]
[EventCountry "IND"]
[SourceTitle "CBM 188 Extra"]
[Source "ChessBase"]
[SourceDate "2019.02.26"]
[SourceVersion "1"]
[SourceVersionDate "2019.02.26"]
[SourceQuality "1"]
[WhiteTeam "Bengal Red"]
[BlackTeam "Air India"]
[WhiteTeamCountry "IND"]
[BlackTeamCountry "IND"]

1. e4 e5 2. Nf3 Nc6 3. Bc4 Nf6 4. d3 h6 5. c3 d6 6. 0-0 g6 7. Re1 Bg7 8. Nbd2 0-0 9. Nf1 Qe7 10. Ng3 Rd8 11. Bb3 b6 12. h3 Bb7 13. d4 Qf8 14. d5 Nb8 15. a4 c6 16. c4 Nbd7 17. a5 bxa5 18. Rxa5 Rdb8 19. Bd2 cxd5 20. cxd5 Bc8 21. Be3 a6 22. Qc2 Qd8 23. Rea1 Bb7 24. Bc4 Rc8 25. Qe2 Nb8 26. Nd2 h5 27. Nf3 Nfd7 28. Bd3 Nc5 29. Bc2 Qc7 30. Ne1 Ncd7 31. Bd3 Nc5 32. Bc2 Ncd7 33. Nf1 Bf6 34. Nd2 Bd8 35. b4 Nb6 36. Bd3 N8d7 37. Bxa6 Bxa6 1/2-1/2

[Event "IND-chT 39th"]
[Site "Kolkata"]
[Date "2019.02.09"]
[Round "6.1"]
[White "Swapnil, S Dhopade"]
[Black "Satyapragyan, Swayangsu"]
[Result "1/2-1/2"]
[WhiteElo "2488"]
[BlackElo "2381"]
[PlyCount "63"]
[EventDate "2019.02.07"]
[EventType "team-swiss"]
[EventRounds "9"]
[EventCountry "IND"]
[SourceTitle "CBM 188 Extra"]
[Source "ChessBase"]
[SourceDate "2019.02.26"]
[SourceVersion "1"]
[SourceVersionDate "2019.02.26"]
[SourceQuality "1"]
[WhiteTeam "Railways SPB"]
[BlackTeam "Air India"]
[WhiteTeamCountry "IND"]
[BlackTeamCountry "IND"]

1. Nf3 Nf6 2. g3 b5 3. Na3 a6 4. c4 e6 5. b3 b4 6. Nc2 Bb7 7. Bg2 Be7 8. a3 a5 9. axb4 axb4 10. Rxa8 Bxa8 11. d4 0-0 12. 0-0 c5 13. Bb2 Na6 14. e3 Qb6 15. Qe2 d6 16. Ra1 Ne4 17. Nfe1 Bb7 18. Nd3 Nc3 19. Qe1 Bxg2 20. Kxg2 Rb8 21. Nc1 Ne4 22. f3 Nf6 23. e4 cxd4 24. Bxd4 Qb7 25. Ra5 Nd7 26. Rb5 Qc8 27. Rxb8 Qxb8 28. Nd3 e5 29. Be3 Ndc5 30. Bxc5 Nxc5 31. Nc1 Bg5 32. Na2 1/2-1/2

[Event "Montcada op-A 26th"]
[Site "Montcada"]
[Date "2018.06.29"]
[Round "5"]
[White "Michelle, Catherina P"]
[Black "Satyapragyan, Swayangsu"]
[Result "1/2-1/2"]
[WhiteElo "2096"]
[BlackElo "2395"]
[PlyCount "92"]
[EventDate "2018.06.25"]
[EventType "swiss"]
[EventRounds "9"]
[EventCountry "ESP"]
[SourceTitle "CBM 185 Extra"]
[Source "ChessBase"]
[SourceDate "2018.07.29"]
[SourceVersion "1"]
[SourceVersionDate "2018.07.29"]
[SourceQuality "1"]

1. c4 e5 2. Nc3 Bb4 3. Nd5 Be7 4. b4 Nf6 5. Nxe7 Qxe7 6. Bb2 0-0 7. Nf3 e4 8. Nd4 d6 9. g3 c5 10. Nc2 Nc6 11. bxc5 dxc5 12. Bg2 Be6 13. Ne3 Nd4 14. 0-0 Rad8 15. h3 Qc7 16. Rb1 Rd7 17. Re1 Qa5 18. Bc3 Qa6 19. Rb2 b6 20. Kh2 Rd6 21. d3 exd3 22. exd3 Rfd8 23. Rd2 Qc8 24. a4 a5 25. Rb2 h5 26. Qb1 Qc7 27. h4 Bd7 28. Qd1 g6 29. Nd5 Nxd5 30. Bxd4 cxd4 31. Bxd5 Bc6 32. Bxc6 Qxc6 33. Rb5 Rf6 34. Kg1 Re8 35. Rxe8+ Qxe8 36. Rd5 Re6 37. Kg2 Re1 38. Qf3 Qxa4 39. Qf6 Re8 40. Qxb6 Qd1 41. Rd8 Rxd8 42. Qxd8+ Kh7 43. Qxd4 a4 44. Qa7 Kg7 45. Qd4+ Kh7 46. Qa7 Kg7 1/2-1/2

[Event "Montcada op-A 26th"]
[Site "Montcada"]
[Date "2018.06.25"]
[Round "1"]
[White "Fabregas Fontanet, Antonio"]
[Black "Satyapragyan, Swayangsu"]
[Result "0-1"]
[WhiteElo "1996"]
[BlackElo "2395"]
[PlyCount "68"]
[EventDate "2018.06.25"]
[EventType "swiss"]
[EventRounds "9"]
[EventCountry "ESP"]
[SourceTitle "CBM 185 Extra"]
[Source "ChessBase"]
[SourceDate "2018.07.29"]
[SourceVersion "1"]
[SourceVersionDate "2018.07.29"]
[SourceQuality "1"]

1. e4 c5 2. Nf3 e6 3. d4 cxd4 4. Nxd4 Nf6 5. Bd3 Nc6 6. Be3 Qc7 7. 0-0 a6 8. Nc3 Ne5 9. h3 Bc5 10. Qe2 d6 11. f4 Ng6 12. f5 Ne5 13. fxe6 fxe6 14. a4 0-0 15. Nf3 Ng6 16. Qf2 Nd7 17. Bxc5 Nxc5 18. Qg3 Qb6 19. Kh1 Qxb2 20. Na2 Qb6 21. a5 Qc7 22. Nb4 Nxd3 23. cxd3 Qe7 24. Rab1 Bd7 25. d4 Bb5 26. Rfe1 Rac8 27. Ng5 h6 28. Nf3 Nf4 29. Rb2 Rc3 30. Na2 Ra3 31. Nc1 Nxg2 32. Rxg2 Raxf3 33. Qg4 R8f4 34. Qh5 Rxh3+ 0-1

[Event "Teplice op 13th"]
[Site "Teplice"]
[Date "2018.06.22"]
[Round "7"]
[White "Fridman, Daniel"]
[Black "Satyapragyan, Swayangsu"]
[Result "0-1"]
[WhiteElo "2610"]
[BlackElo "2395"]
[PlyCount "74"]
[EventDate "2018.06.16"]
[EventType "swiss"]
[EventRounds "9"]
[EventCountry "CZE"]
[SourceTitle "CBM 185 Extra"]
[Source "ChessBase"]
[SourceDate "2018.07.29"]
[SourceVersion "1"]
[SourceVersionDate "2018.07.29"]
[SourceQuality "1"]

1. c4 e6 2. Nc3 Bb4 3. Nf3 Nf6 4. g4 h6 5. Rg1 b6 6. h4 Bb7 7. g5 hxg5 8. hxg5 Ng8 9. Qb3 Bxf3 10. Qxb4 Bb7 11. Nb5 Ne7 12. Qc3 a6 13. Nd4 c5 14. Nb3 a5 15. d4 a4 16. Nd2 Nf5 17. d5 Qe7 18. dxe6 dxe6 19. Nf3 Nc6 20. Bf4 0-0-0 21. Ne5 Nfd4 22. Nxc6 Bxc6 23. 0-0-0 e5 24. Bd2 Kb7 25. Re1 Qe6 26. Bg2 Bxg2 27. Rxg2 Rh1 28. Kd1 Rxe1+ 29. Kxe1 Qf5 30. f3 Rh8 31. Kf2 e4 32. Qe3 Re8 33. Rg4 Nc2 34. Qf4 e3+ 35. Bxe3 Nxe3 36. Rh4 Qxf4 37. Rxf4 Re7 0-1

[Event "Teplice op 13th"]
[Site "Teplice"]
[Date "2018.06.21"]
[Round "6"]
[White "Satyapragyan, Swayangsu"]
[Black "Krysa, Leandro Sergio"]
[Result "1/2-1/2"]
[WhiteElo "2395"]
[BlackElo "2529"]
[PlyCount "74"]
[EventDate "2018.06.16"]
[EventType "swiss"]
[EventRounds "9"]
[EventCountry "CZE"]
[SourceTitle "CBM 185 Extra"]
[Source "ChessBase"]
[SourceDate "2018.07.29"]
[SourceVersion "1"]
[SourceVersionDate "2018.07.29"]
[SourceQuality "1"]

1. e4 e5 2. Nf3 Nc6 3. Bb5 a6 4. Ba4 d6 5. 0-0 Bg4 6. h3 h5 7. Bxc6+ bxc6 8. d4 Bxf3 9. Qxf3 exd4 10. Rd1 Qf6 11. Qb3 Ne7 12. c3 dxc3 13. Nxc3 g5 14. Qa4 Rc8 15. Nd5 Qg6 16. Be3 Bg7 17. Nxe7 Kxe7 18. Qxc6 Rhe8 19. Bd4 Kf8 20. Bxg7+ Kxg7 21. Rd5 g4 22. Qc3+ f6 23. Re1 Re6 24. Re3 c6 25. Rd4 c5 26. Ra4 Rce8 27. Qd3 f5 28. exf5 Rxe3 29. Qxe3 Rxe3 30. fxg6 Re2 31. hxg4 hxg4 32. Rxa6 d5 33. Rd6 Rxb2 34. Rxd5 Kxg6 35. Rxc5 Rxa2 36. g3 Ra1+ 37. Kg2 Rb1 1/2-1/2

[Event "IND-chT 38th"]
[Site "Bhubaneswar"]
[Date "2018.02.09"]
[Round "3.4"]
[White "Samrat, Ghorai"]
[Black "Satyapragyan, Swayangsu"]
[Result "1/2-1/2"]
[WhiteElo "2108"]
[BlackElo "2398"]
[PlyCount "76"]
[EventDate "2018.02.08"]
[EventType "team-swiss"]
[EventRounds "9"]
[EventCountry "IND"]
[SourceTitle "CBM 182 Extra"]
[Source "ChessBase"]
[SourceDate "2018.02.23"]
[SourceVersion "1"]
[SourceVersionDate "2018.02.23"]
[SourceQuality "1"]
[WhiteTeam "Bengal Chess"]
[BlackTeam "Air India"]
[WhiteTeamCountry "IND"]
[BlackTeamCountry "IND"]

1. e4 e5 2. Nf3 Nc6 3. Nc3 Nf6 4. Bb5 Bb4 5. 0-0 0-0 6. d3 Bxc3 7. bxc3 d6 8. h3 Ne7 9. Re1 a6 10. Bc4 Be6 11. Bb3 Ng6 12. d4 Qe7 13. Rb1 b6 14. Ba3 Bxb3 15. cxb3 Nd7 16. dxe5 Ndxe5 17. Nxe5 Qxe5 18. Qd2 f5 19. Qd5+ Qxd5 20. exd5 Rfe8 21. Rbd1 a5 22. c4 Kf7 23. Bb2 Nf4 24. Re3 a4 25. b4 a3 26. Bc1 Ne2+ 27. Kf1 Rxe3 28. Bxe3 Nc3 29. Ra1 Re8 30. Bd2 Na4 31. f3 b5 32. cxb5 Nb6 33. Rb1 Nxd5 34. Rb3 Ra8 35. Bc1 Ra4 36. Bd2 Ke6 37. Ke2 Nb6 38. Kd3 d5 1/2-1/2

[Event "IND-ch Challengers 55th"]
[Site "Ahmedabad"]
[Date "2017.08.22"]
[Round "12"]
[White "Satyapragyan, Swayangsu"]
[Black "Dhananjay, S."]
[Result "1/2-1/2"]
[WhiteElo "2410"]
[BlackElo "2206"]
[PlyCount "115"]
[EventDate "2017.08.13"]
[EventType "swiss"]
[EventRounds "13"]
[EventCountry "IND"]
[SourceTitle "CBM 180 Extra"]
[Source "ChessBase"]
[SourceDate "2017.10.06"]
[SourceVersion "1"]
[SourceVersionDate "2017.10.06"]
[SourceQuality "1"]

1. d4 Nf6 2. Bg5 Ne4 3. Bf4 c5 4. dxc5 Nxc5 5. Nc3 Nc6 6. e4 g6 7. Qd2 h6 8. Bc4 Bg7 9. Nge2 d6 10. f3 Bd7 11. a3 Rc8 12. 0-0 Ne5 13. Ba2 Na4 14. Nxa4 Bxa4 15. Nc3 Bd7 16. Nd5 Bb5 17. Rfe1 g5 18. Bg3 0-0 19. c3 Nc4 20. Bxc4 Bxc4 21. Ne3 Be6 22. Bf2 Qa5 23. Nd5 Bxd5 24. exd5 Bf6 25. Re4 Rc7 26. h4 Rfc8 27. hxg5 hxg5 28. Rg4 Kf8 29. Re1 Rc4 30. Rxg5 Bxg5 31. Qxg5 e5 32. Rd1 Qd8 33. Qh6+ Ke8 34. Bxa7 Kd7 35. Bf2 Qh8 36. Qe3 Rg8 37. Qb6 Qh3 38. Qxb7+ Rc7 39. Qb5+ Kc8 40. Qa6+ Kd7 41. Qa4+ Ke7 42. Bh4+ f6 43. Rd2 Qf5 44. Kf2 Rb8 45. Qe4 Qxe4 46. fxe4 Rcb7 47. b4 Ra7 48. Rd3 Rxa3 49. Rf3 Ra2+ 50. Ke3 Rf8 51. Bf2 Rc8 52. Kd3 Ra3 53. Be1 Rb8 54. Kc4 Rc8+ 55. Kd3 Rb8 56. Kc4 Rc8+ 57. Kd3 Rb8 58. Kc4 1/2-1/2

[Event "PRO League Stage"]
[Site "Chess.com INT"]
[Date "2017.02.11"]
[Round "5"]
[White "Bartholomew, John"]
[Black "Satyapragyan, Swayangsu"]
[Result "0-1"]
[WhiteElo "2447"]
[BlackElo "2462"]
[PlyCount "119"]
[EventDate "2017.01.11"]
[EventType "team-swiss (rapid)"]
[EventRounds "7"]
[EventCountry "USA"]
[SourceTitle "CBM 176 Extra"]
[Source "ChessBase"]
[SourceDate "2017.03.02"]
[SourceVersion "1"]
[SourceVersionDate "2017.03.02"]
[SourceQuality "1"]
[WhiteTeam "Minnesota Blizzard"]
[BlackTeam "Odisha Express"]
[WhiteTeamCountry "UAE"]
[BlackTeamCountry "IND"]

1. d4 Nf6 2. Nf3 c5 3. d5 b5 4. Bg5 Qb6 5. Bxf6 exf6 6. e4 g6 7. Nbd2 d6 8. a4 b4 9. Bd3 Bg7 10. 0-0 0-0 11. h3 Qc7 12. Nc4 Nd7 13. a5 Ba6 14. Nfd2 Rfe8 15. f4 Rad8 16. Qf3 Bb7 17. f5 Bh6 18. Qg3 Bxd2 19. Nxd2 g5 20. Bb5 c4 21. Bxc4 Ne5 22. b3 Kh8 23. Qe3 Bc8 24. Ra4 Qb8 25. Qd4 Bd7 26. Raa1 Rg8 27. Be2 Rge8 28. Nf3 Rc8 29. Bc4 Qc7 30. Nxe5 Rxe5 31. a6 Qc5 32. Qxc5 Rxc5 33. Bd3 Re8 34. Kf2 Kg7 35. Rfc1 Kf8 36. c4 bxc3 37. b4 Rc7 38. Ra3 Rec8 39. Rc2 Ke7 40. Ke3 Kd8 41. Kd4 h5 42. Raxc3 Rxc3 43. Rxc3 Rxc3 44. Kxc3 Kc7 45. g3 h4 46. gxh4 gxh4 47. Be2 Kb6 48. Bh5 Be8 49. Be2 Bd7 50. Kd4 Be8 51. Ke3 Bb5 52. Bd1 Bxa6 53. Kf4 Bd3 54. Bf3 Kb5 55. Kg4 Kxb4 56. Kxh4 a5 57. Kg4 a4 58. h4 a3 59. h5 a2 60. h6 0-1

[Event "IND-chT 37th"]
[Site "Bhopal"]
[Date "2017.02.07"]
[Round "8.1"]
[White "Satyapragyan, Swayangsu"]
[Black "Nitin, Senthilvel"]
[Result "1/2-1/2"]
[WhiteElo "2442"]
[BlackElo "2428"]
[PlyCount "82"]
[EventDate "2017.02.02"]
[EventType "team-swiss"]
[EventRounds "9"]
[EventCountry "IND"]
[SourceTitle "CBM 176 Extra"]
[Source "ChessBase"]
[SourceDate "2017.03.02"]
[SourceVersion "1"]
[SourceVersionDate "2017.03.02"]
[SourceQuality "1"]
[WhiteTeam "Air India"]
[BlackTeam "Indian Railways II"]
[WhiteTeamCountry "IND"]
[BlackTeamCountry "IND"]

1. e4 c5 2. Nf3 d6 3. Bb5+ Nd7 4. c3 Ngf6 5. Qe2 a6 6. Ba4 e5 7. 0-0 Be7 8. d4 0-0 9. Rd1 Qc7 10. Bg5 b5 11. Bc2 Re8 12. d5 h6 13. Bh4 Nf8 14. Bg3 Nh5 15. Ne1 Nf4 16. Qf1 N8g6 17. Nd2 Bd7 18. f3 Reb8 19. Bf2 h5 20. Kh1 h4 21. Be3 Bg5 22. Qf2 Qd8 23. Bd3 Nh5 24. Nc2 Bf4 25. Nf1 Qg5 26. Bd2 Rf8 27. Nce3 c4 28. Bc2 Ng3+ 29. hxg3 hxg3 30. Qe2 Kh7 31. Nf5 Bxf5 32. exf5 Rh8 33. Kg1 Kg8 34. Be1 Qh4 35. Bxg3 Bxg3 36. Nxg3 Qh2+ 37. Kf2 Nf4 38. Qf1 Nh3+ 39. Ke2 Nf4+ 40. Kf2 Nh3+ 41. Ke2 Nf4+ 1/2-1/2

[Event "Lorca op 5th"]
[Site "Lorca"]
[Date "2016.12.29"]
[Round "6"]
[White "Espinoza Palomino, Willyam"]
[Black "Satyapragyan, Swayangsu"]
[Result "1/2-1/2"]
[WhiteElo "2416"]
[BlackElo "2462"]
[PlyCount "53"]
[EventDate "2016.12.26"]
[EventType "swiss"]
[EventRounds "9"]
[EventCountry "ESP"]
[SourceTitle "CBM 176 Extra"]
[Source "ChessBase"]
[SourceDate "2017.03.02"]
[SourceVersion "1"]
[SourceVersionDate "2017.03.02"]
[SourceQuality "1"]

1. e4 e5 2. Nf3 Nc6 3. Bb5 a6 4. Ba4 Nf6 5. 0-0 Be7 6. Re1 b5 7. Bb3 d6 8. c3 0-0 9. h3 Bb7 10. d4 Re8 11. Nbd2 Bf8 12. a4 exd4 13. cxd4 Qd7 14. axb5 axb5 15. Rxa8 Bxa8 16. Ng5 Nd8 17. e5 Nd5 18. Qc2 g6 19. Nde4 Bg7 20. Nf3 Ne6 21. Bh6 Bxh6 22. Bxd5 Bg7 23. Bxa8 Rxa8 24. Nf6+ Bxf6 25. exf6 d5 26. h4 Ra6 27. h5 1/2-1/2

[Event "Sitges Sunway op 3rd"]
[Site "Sitges"]
[Date "2016.12.18"]
[Round "4"]
[White "Satyapragyan, Swayangsu"]
[Black "Peralta, Fernando"]
[Result "1/2-1/2"]
[WhiteElo "2462"]
[BlackElo "2574"]
[PlyCount "50"]
[EventDate "2016.12.16"]
[EventType "swiss"]
[EventRounds "9"]
[EventCountry "ESP"]
[SourceTitle "CBM 176 Extra"]
[Source "ChessBase"]
[SourceDate "2017.03.02"]
[SourceVersion "1"]
[SourceVersionDate "2017.03.02"]
[SourceQuality "1"]

1. e4 c6 2. d4 d5 3. e5 Bf5 4. Nf3 e6 5. Be2 Nd7 6. 0-0 h6 7. Nbd2 Ne7 8. Nb3 Bh7 9. Bd2 Ng6 10. c4 dxc4 11. Na5 Rb8 12. Nxc4 Be7 13. Re1 0-0 14. Rc1 Rc8 15. Qb3 Qc7 16. Bb4 Bxb4 17. Qxb4 Nb6 18. Nd6 Rb8 19. Bd3 Nc8 20. Nc4 Rd8 21. Qa3 Qe7 22. b4 Nb6 23. Nd6 Nc8 24. Nc4 Nb6 25. Nd6 Nc8 1/2-1/2

[Event "Barcelona Sants op-A18th"]
[Site "Barcelona"]
[Date "2016.08.23"]
[Round "5"]
[White "Satyapragyan, Swayangsu"]
[Black "Cori, Jorge Moise"]
[Result "0-1"]
[WhiteElo "2462"]
[BlackElo "2601"]
[PlyCount "134"]
[EventDate "2016.08.19"]
[EventType "swiss"]
[EventRounds "10"]
[EventCountry "ESP"]
[SourceTitle "CBM 174 Extra"]
[Source "ChessBase"]
[SourceDate "2016.10.10"]
[SourceVersion "1"]
[SourceVersionDate "2016.10.10"]
[SourceQuality "1"]

1. e4 e5 2. Nf3 Nc6 3. Bb5 a6 4. Ba4 d6 5. 0-0 Bd7 6. d4 Nge7 7. d5 Nb8 8. c4 h6 9. Nc3 g5 10. Be3 Ng6 11. Bxd7+ Nxd7 12. Ne2 g4 13. Nd2 h5 14. Rc1 Be7 15. b4 a5 16. a3 b6 17. Nb1 Bg5 18. Qd2 Bxe3 19. fxe3 h4 20. Nbc3 Kf8 21. Rf5 Ne7 22. Rff1 Kg7 23. Nb5 Ng8 24. Nec3 Nh6 25. Qe2 Nf6 26. c5 axb4 27. axb4 bxc5 28. bxc5 Qe7 29. Nxc7 Qxc7 30. Nb5 Qe7 31. Nxd6 Ra4 32. Qe1 g3 33. hxg3 Kg8 34. Qd1 Ra2 35. Qf3 hxg3 36. Rb1 Nd7 37. Qxg3+ Kf8 38. Ra1 Rg8 39. Qxg8+ Kxg8 40. Rxa2 Nxc5 41. Ra8+ Kh7 42. Nf5 Nxf5 43. exf5 Qb7 44. Ra5 Ne4 45. Rf3 Qb4 46. Ra1 Ng5 47. Rff1 Qd2 48. Rad1 Qxe3+ 49. Kh2 Ne4 50. d6 Nd2 51. Rfe1 Qh6+ 52. Kg1 Qxd6 53. Kf2 Qd3 54. Rxe5 Ne4+ 55. Rxe4 Qxe4 56. Rh1+ Kg7 57. Rh3 Kf6 58. Rf3 Qd4+ 59. Kf1 Kg5 60. Rh3 Kxf5 61. Rf3+ Kg4 62. Rh3 f6 63. Rf3 f5 64. Rh3 f4 65. Rf3 Qd1+ 66. Kf2 Qxf3+ 67. gxf3+ Kh3 0-1

[Event "Barcelona Sants op-A18th"]
[Site "Barcelona"]
[Date "2016.08.21"]
[Round "3"]
[White "Satyapragyan, Swayangsu"]
[Black "Hernandez Moya, Yuleisis"]
[Result "1-0"]
[WhiteElo "2462"]
[BlackElo "2239"]
[PlyCount "89"]
[EventDate "2016.08.19"]
[EventType "swiss"]
[EventRounds "10"]
[EventCountry "ESP"]
[SourceTitle "CBM 174 Extra"]
[Source "ChessBase"]
[SourceDate "2016.10.10"]
[SourceVersion "1"]
[SourceVersionDate "2016.10.10"]
[SourceQuality "1"]

1. e4 e6 2. d4 d5 3. Nd2 dxe4 4. Nxe4 Nd7 5. Nf3 Ngf6 6. Bd3 Nxe4 7. Bxe4 Nf6 8. Bg5 h6 9. Bxf6 Qxf6 10. Qd3 Bd6 11. 0-0-0 0-0 12. Kb1 a5 13. h4 e5 14. Rdg1 exd4 15. g4 c5 16. g5 Qf4 17. gxh6 Qxh6 18. Ng5 Be6 19. h5 Bf4 20. Nxe6 Qxe6 21. Qf3 Rae8 22. Bd5 Qe5 23. a4 Rd8 24. Bc4 Rd6 25. b3 b6 26. Re1 Qf6 27. Qe4 Rfd8 28. Bd3 Re6 29. Qh7+ Kf8 30. Bc4 Re5 31. Rhg1 Qh6 32. Qd3 Rde8 33. Rd1 Rxh5 34. Qf3 g5 35. Rde1 Rxe1+ 36. Rxe1 g4 37. Qa8+ Kg7 38. Re8 Qd6 39. Rg8+ Kf6 40. Rxg4 Rg5 41. Qh8+ Kf5 42. Rh4 Rg1+ 43. Ka2 f6 44. Qh7+ Ke5 45. Rxf4 1-0

[Event "Barcelona Sants op-A18th"]
[Site "Barcelona"]
[Date "2016.08.19"]
[Round "1"]
[White "Satyapragyan, Swayangsu"]
[Black "Gurrutxaga Telleria, Jose Luis"]
[Result "1-0"]
[WhiteElo "2462"]
[BlackElo "2095"]
[PlyCount "61"]
[EventDate "2016.08.19"]
[EventType "swiss"]
[EventRounds "10"]
[EventCountry "ESP"]
[SourceTitle "CBM 174 Extra"]
[Source "ChessBase"]
[SourceDate "2016.10.10"]
[SourceVersion "1"]
[SourceVersionDate "2016.10.10"]
[SourceQuality "1"]

1. e4 c5 2. Nc3 Nc6 3. Nge2 Nf6 4. d4 cxd4 5. Nxd4 d6 6. Bg5 e6 7. Qd2 a6 8. 0-0-0 Bd7 9. f4 b5 10. Bxf6 gxf6 11. Nxc6 Bxc6 12. Qe1 Qe7 13. Bd3 b4 14. Ne2 h5 15. Nd4 Bb7 16. Kb1 Rg8 17. g3 d5 18. exd5 Bxd5 19. Be4 0-0-0 20. Qe2 Qb7 21. Bxd5 exd5 22. Qxh5 Bc5 23. Qf5+ Rd7 24. Nb3 Bb6 25. Rhe1 Kb8 26. Rd3 Rc8 27. Red1 d4 28. R3d2 a5 29. Nxa5 Rc5 30. Qxc5 Bxc5 31. Nxb7 1-0